| 000 | 00757nam a22002057a 4500 | ||
|---|---|---|---|
| 999 |
_c19179 _d19179 |
||
| 003 | AR-CdUCM | ||
| 008 | 190516b ||||| |||| 00| 0 spa d | ||
| 040 |
_aMUNICIPALIDAD PROVINCIAL DEL CUSCO _cBIBLIOTECA MUNICIPAL DEL CUSCO |
||
| 082 |
_a333.985 / _bA33 |
||
| 100 |
_aAlberti, Giorgio _923997 |
||
| 245 | _aReciprocidad e intercambio en los andes peruanos / | ||
| 260 |
_aLima : _bInstituto de Estudios Peruanos, _c1974. |
||
| 300 |
_a360 paginas ; _c21 cm. |
||
| 505 | _aContenido :Reciprocidad andina --Las reglas de juego en la reciprocidad endina --Reciprocidad en las relaciones de producion ... | ||
| 650 |
_aEconomÃa agraria _95576 |
||
| 650 |
_aCampesinos _94401 |
||
| 650 |
_aPeru _9429 |
||
| 942 |
_2ddc _cLIBROS |
||
| 945 |
_arjall _d2019-05-16 |
||